000 00292nam a22001337a 4500
008 170324b xxu||||| |||| 00| 0 eng d
020 _a9780750616218
041 _aeng
080 _218 ED
_a615.83
100 _a8
101 _aSHM
245 _aPHYSICAL SIGNS
_cLUMLEY.JS.P
942 _2udc
_cBK
999 _c8546
_d8546